000 00476nam a22001937a 4500
003 OSt
005 20220826102210.0
008 220826b |||||||| |||| 00| 0 eng d
020 _a9798178085462
040 _cIFM Library
082 _a005.1
100 _aBass, L .
245 _aSoftware Architecture in Practice
260 _aNew York:
_bpearson
_c1998
300 _axxiii,452p
_bill,;23cm
500 _aIncludes Index
650 _asoftware
942 _cBK
_2ddc
_n0
999 _c15276
_d15276